El don de lenguas / (Registro nro. 13071)

Detalles MARC
000 -LIDER
fixed length control field 00636nam a22002057a 4500
003 - IDENTIFICACDOR DE NÚMERO DE CONTROL
control field DO-SdBNP
005 - DATE AND TIME OF LATEST TRANSACTION
control field 20180320112119.0
008 - ELEMENTOS DE LONGITUD FIJA
fixed length control field 161031b 1957 xxu 00| 0 spa d
040 ## - FUENTE DE CATALOGACIÓN
Agencia que crea de manera original el registro BPMSU
Idioma de catalogación spa
Agencia que realiza la transcripción BPMSU
082 ## - NÚMERO DE CLASIFICACIÓN DECIMAL DE DEWEY
Classification number xxxx
Item number xxxx
100 1# - ASIENTO PRINCIPAL -- NOMBRE PERSONAL
Nombre personal Rice, Juan R.
245 13 - MENCIÓN DE TITULO
Título El don de lenguas /
Mención de responsabilidad Juan R. Rice : traducción Ildefonso Villarello
260 ## - PUBLICACIÓN, DISTRIBUCIÓN, ETC. (PIE DE IMPRENTA)
Lugar de publicación, distribución, etc Casa Bautista de publicaciones :
Nombre del editor, distribuidor, etc. El Paso, Texas, Estados Unidos,
Fecha de publicación, distribución, etc 1957.
300 ## - DESCRIPCIÓN FÍSICA
Extensión 117 p. :
Dimensiones 18 cm.
700 1# - ASIENTO SECUNDARIO -- NOMBRE PERSONAL
Nombre personal Villarello, Ildefonso
Mención de responsabilidad trad
910 ## - VALIDACIÓN
Validación 000144
942 ## - ADDED ENTRY ELEMENTS (KOHA)
Source of classification or shelving scheme Dewey Decimal Classification
Koha item type Libros
945 ## - INFORMACIÓN DE PROCESAMIENTO LOCAL
Información de procesamiento local inventariado, 2018 / dg
956 ## - LOCAL ELECTRONIC LOCATION AND ACCESS (OCLC)
Nombre de host YLOCKWARD
Número de acceso 10
Información de compresión 20171124
Trayectoria 144
Existencias
Withdrawn status Lost status Source of classification or shelving scheme Damaged status Not for loan Collection code Home library Current library Date acquired Source of acquisition Total Checkouts Full call number Barcode Date last seen Price effective from Koha item type
    Dewey Decimal Classification     Colección General Biblioteca Pública Metropolitana Salomé Ureña Biblioteca Pública Metropolitana Salomé Ureña 11/24/2017 Sin sellar   xxxx xxxx BPMSU17110398 11/24/2017 11/24/2017 Libros